Les plus grandes Prides du monde - Statistiques

Statistiques générales
  • Ce quiz a été pris 9 fois
  • Le résultat moyen est 14 sur 20
Statistiques - réponses
Nombre de participant.es ville % Correct
2 à 3,5 millions Madrid
100%
2 à 4 millions New york
100%
500 000 à 800 000 Paris
100%
500 000 à 800 000 Berlin
89%
1 à 1,5 millions Londres
89%
500 000 à 700 000 Los Angeles
89%
500 000 à 800 000 Amsterdam
78%
300 000 à 500 000 Barcelone
78%
jusqu'à 2 millions Buenos Aires
78%
1,5 à 2 millions Rio de Janeiro
78%
300 000 à 500 000 Rome
78%
400 000 à 700 000 Sydney
78%
3 à 5 millions São Paulo
67%
2 à 3 millions Toronto
67%
800 000 à 1 million Chicago
56%
300 000 à 1.2 millions Washington
56%
1 à 1,7 millions San Francisco
44%
300 000 à 500 000 Bangkok
33%
1 million Mexico
33%
1 à 1,4 millions Cologne
22%
Aucun quiz correspondant
Distribution des résultats
% des personnes avec chaque résultat
Percentile par nombre de réponses
Votre historique - résultats
Vous n’avez pas pris ce quiz